000 00754nam a22002291a 4500
001 47150
003 BD-RjUL
005 20211209054251.0
008 140518r19651971enkab 001 0 eng d
035 _a(BD-RjUL)47269
040 _aDLC
_cODaWU
_dOCoLC
_dUk
_dIRoRVC
_dDLC
_dBD-RjUL
_beng
041 _aeng
082 0 0 _a305.5122095482
_bBEC 1971
100 1 0 _aBéteille, André
_98154
245 1 0 _aCaste, class, and power :
_bchanging patterns of stratification in a Tanjore village /
_c André Béteille
250 _aLondon ed.
260 _aLondon :
_b University of California Press,
_cc1965 [1991]
300 _a238 p. :
_bill.
_c24 cm.
500 _aIncludes Index
650 _aCaste
_zIndia
_xThanjāvūr (District)
_9145174
942 _2ddc
_cBK
999 _c47150
_d47150